| 000 | 00361nam a2200133Ia 4500 | ||
|---|---|---|---|
| 008 | 240624s9999 xx 000 0 und d | ||
| 041 | _aeng | ||
| 082 | _a025.1 SUB | ||
| 100 | _aSUBBARAO V SASHIKALA | ||
| 245 | _aLIBRARY MANAGEMENT THROUGH AUTOMATION AN | ||
| 260 |
_c1999 _aNew Delhi _bAllied Publishers |
||
| 300 | _av, : 144 : p. : cm. ; 24 | ||
| 365 |
_cRS _b32 |
||
| 999 |
_c9159 _d9159 |
||